[Event "4NCL Division 4 South"]
[Site "Reading, ENG"]
[Date "2016.11.27"]
[Round "2.36"]
[White "Miller, Max C"]
[Black "Headlong, Benjamin"]
[Result "1/2-1/2"]
[WhiteElo "1478"]
[BlackElo "1735"]
[PlyCount "76"]
[EventDate "2016.11.27"]
[WhiteTeam "MK Phoenix 2"]
[BlackTeam "Brown Jack 2"]

1. d4 d5 2. Nf3 e6 3. e3 c5 4. b3 Nf6 5. Bd3 Nbd7 6. Bb2 b6 7. Nbd2 Bb7 8. O-O
Bd6 9. Ne5 cxd4 10. exd4 Qc7 11. f4 Ne4 12. Nxe4 dxe4 13. Bb5 Rd8 14. Bxd7+
Rxd7 15. Nxd7 Qxd7 16. Qg4 f5 17. Qe2 O-O 18. a3 Rc8 19. c4 Ba6 20. Qe3 Be7 21.
Rfd1 Qb7 22. g3 Bf6 23. Rab1 Qf7 24. d5 Bxb2 25. Rxb2 exd5 26. Rxd5 Bb7 27. Re5
Rd8 28. Rd2 Rxd2 29. Qxd2 h6 30. Qd8+ Kh7 31. Re7 Qf6 32. Re8 Qa1+ 33. Kf2 Qb2+
34. Ke1 Qc1+ 35. Ke2 Qc2+ 36. Ke1 Qc1+ 37. Ke2 Qc2+ 38. Ke1 Qc1+ 1/2-1/2

[Event "4NCL Division 4 South"]
[Site "Reading, ENG"]
[Date "2016.11.27"]
[Round "2.41"]
[White "Woods, Timothy J"]
[Black "Karia, Rishul"]
[Result "1/2-1/2"]
[WhiteElo "1716"]
[BlackElo "1930"]
[PlyCount "39"]
[EventDate "2016.11.27"]
[WhiteTeam "Sussex Martlets 3"]
[BlackTeam "Barnet Knights 2"]

1. e4 e5 2. Bc4 Nf6 3. d3 d6 4. Nf3 Bg4 5. O-O Nc6 6. c3 Be7 7. a4 a5 8. Nbd2
O-O 9. h3 Bh5 10. Re1 Kh8 11. Nf1 h6 12. Ng3 Bg6 13. Nh4 Nh7 14. Nhf5 Bh4 15.
Qg4 Bxg3 16. fxg3 Bxf5 17. exf5 Qf6 18. Bb3 Ne7 19. Rf1 d5 20. h4 {Scoresheets
unreadable.} 1/2-1/2

[Event "4NCL Division 4 South"]
[Site "Reading, ENG"]
[Date "2016.11.27"]
[Round "2.42"]
[White "Balouka Myers, Gabriel"]
[Black "Neale, George"]
[Result "1-0"]
[WhiteElo "1817"]
[BlackElo "1695"]
[PlyCount "75"]
[EventDate "2016.11.27"]
[WhiteTeam "Barnet Knights 2"]
[BlackTeam "Sussex Martlets 3"]

1. Nf3 Nf6 2. g3 g6 3. d4 d5 4. c4 c6 5. Bg2 Bg7 6. O-O O-O 7. cxd5 cxd5 8. Nc3
Nc6 9. Ne5 e6 10. Nxc6 bxc6 11. Na4 Nd7 12. e3 Ba6 13. Re1 Rb8 14. Qc2 Qc7 15.
b3 Rfe8 16. Ba3 Bb5 17. Nc5 Nxc5 18. Bxc5 Bf8 19. Rec1 Rec8 20. Bxf8 Kxf8 21.
a4 Ba6 22. Qc5+ Qe7 23. Qa5 Qb7 24. Rab1 Ke8 25. e4 Qb6 26. Qc3 Kd7 27. b4 Bc4
28. Qf3 Ke7 29. Qe3 a5 30. b5 Kd6 31. Qf4+ Ke7 32. Qh4+ Kf8 33. Qf6 cxb5 34.
exd5 exd5 35. Qh8+ Ke7 36. Re1+ Kd6 37. Qf6+ Kc7 38. Qxf7+ 1-0

[Event "4NCL Division 4 South"]
[Site "Reading, ENG"]
[Date "2016.11.27"]
[Round "2.43"]
[White "Howell, Matthew G"]
[Black "Hung, Jake"]
[Result "1/2-1/2"]
[WhiteElo "1509"]
[BlackElo "1712"]
[PlyCount "72"]
[EventDate "2016.11.27"]
[WhiteTeam "Sussex Martlets 3"]
[BlackTeam "Barnet Knights 2"]

1. e4 c6 2. d4 d5 3. exd5 cxd5 4. c4 Nf6 5. Nc3 Nc6 6. Nf3 g6 7. Ne5 dxc4 8.
Nxc6 bxc6 9. Bxc4 Bg7 10. O-O O-O 11. Re1 Qd6 12. Bg5 Kh8 13. Qe2 Ng4 14. g3
Qxd4 15. Rad1 Qb6 16. Bxe7 Re8 17. Na4 Qc7 18. Bxf7 Ba6 19. Qxa6 Rxe7 20. Rxe7
Qxe7 21. Bb3 Rf8 22. Rf1 Bd4 23. Qc4 c5 24. Nc3 Nxf2 25. Kg2 Ng4 26. Rxf8+ Qxf8
27. Qf7 Ne3+ 28. Kf3 Qxf7+ 29. Bxf7 Bxc3 30. bxc3 Nd1 31. c4 Nc3 32. a3 Kg7 33.
Be8 Kf6 34. h4 h6 35. Bd7 Ke5 36. Ke3 Ne4 1/2-1/2

[Event "4NCL Division 4 South"]
[Site "Reading, ENG"]
[Date "2016.11.27"]
[Round "2.44"]
[White "Balouka Myers, Reuben"]
[Black "Samworth-Calvier, Juju"]
[Result "0-1"]
[WhiteElo "1712"]
[BlackElo "1584"]
[PlyCount "60"]
[EventDate "2016.11.27"]
[WhiteTeam "Barnet Knights 2"]
[BlackTeam "Sussex Martlets 3"]

1. Nf3 f5 2. c4 Nf6 3. Nc3 d6 4. d3 e5 5. e4 Be7 6. Be3 Nc6 7. a3 O-O 8. Be2 f4
9. Bd2 Qe8 10. b4 Qg6 11. Rg1 a6 12. Rc1 Be6 13. Nd5 Bd8 14. Qb3 Ne7 15. Qb2 c6
16. Nc3 Nd7 17. a4 Rb8 18. Rb1 Bc7 19. b5 Kh8 20. d4 axb5 21. axb5 d5 22. cxd5
cxd5 23. exd5 Nxd5 24. Nxd5 Bxd5 25. dxe5 Bxe5 26. Nxe5 Nxe5 27. Ra1 Rfe8 28.
Kf1 Bc4 29. Bxc4 Nxc4 30. Qb4 Qd3# 0-1

[Event "4NCL Division 4 South"]
[Site "Reading, ENG"]
[Date "2016.11.27"]
[Round "2.45"]
[White "Coleman, Frederick"]
[Black "Willmoth, Harrison"]
[Result "1/2-1/2"]
[WhiteElo "1489"]
[BlackElo "1697"]
[PlyCount "109"]
[EventDate "2016.11.27"]
[WhiteTeam "Sussex Martlets 3"]
[BlackTeam "Barnet Knights 2"]

1. c4 d6 2. g3 Nf6 3. Bg2 c6 4. Nc3 e5 5. d4 Be7 6. e4 Qc7 7. Nf3 Bg4 8. O-O
Nbd7 9. Be3 O-O 10. Qc2 Bxf3 11. Bxf3 a6 12. a3 Rab8 13. b4 b5 14. c5 exd4 15.
cxd6 Bxd6 16. Bxd4 Be5 17. Bxe5 Qxe5 18. Rac1 c5 19. Rfd1 c4 20. Rd2 Nb6 21.
Rcd1 Nc8 22. Be2 Qe7 23. f4 Qa7+ 24. Kf1 Nb6 25. e5 Nfd7 26. Bf3 Rfe8 27. Bc6
Re7 28. Qf5 Nf8 29. Bg2 Qc7 30. Rd6 Rd7 31. Rxd7 Nfxd7 32. e6 fxe6 33. Qxe6+
Kh8 34. Ne4 Nf8 35. Qg4 Rd8 36. Nc5 Rxd1+ 37. Qxd1 Nbd7 38. Nxd7 Qxd7 39. Qxd7
Nxd7 40. Bb7 Nb8 41. Ke2 Kg8 42. Kd2 Kf7 43. g4 Kf6 44. Kc3 h6 45. h3 h5 46.
Bc8 hxg4 47. hxg4 Ke7 48. g5 Kd6 49. Bb7 Kc7 50. Be4 Kd6 51. Bb7 Ke6 52. Bc8+
Kd5 53. Bb7+ Kd6 54. Bc8 Kc6 55. Be6 1/2-1/2

[Event "4NCL Division 4 South"]
[Site "Reading, ENG"]
[Date "2016.11.27"]
[Round "2.46"]
[White "Leslie, Alex"]
[Black "Finn, Daniel"]
[Result "1/2-1/2"]
[WhiteElo "1622"]
[BlackElo "1441"]
[PlyCount "203"]
[EventDate "2016.11.27"]
[WhiteTeam "Barnet Knights 2"]
[BlackTeam "Sussex Martlets 3"]

1. d4 d5 2. c4 e6 3. Nf3 Nf6 4. Bg5 Nbd7 5. Nc3 Be7 6. e3 O-O 7. Be2 a6 8. O-O
dxc4 9. a4 Nd5 10. Bxe7 Qxe7 11. Bxc4 N7f6 12. Nxd5 exd5 13. Bd3 Bg4 14. h3 Bh5
15. Be2 c6 16. Ne5 Bxe2 17. Qxe2 Ne4 18. Rfc1 f6 19. Nd3 Rfe8 20. Nc5 Rab8 21.
a5 f5 22. Nxe4 Qxe4 23. Qc2 f4 24. Qxe4 Rxe4 25. Rc3 Rbe8 26. Re1 Rxd4 27. Rb3
fxe3 28. fxe3 Ra4 29. Rxb7 Rxa5 30. Rf1 Rf8 31. Rc1 Rc8 32. Rb6 c5 33. Rd6 c4
34. e4 dxe4 35. Re6 Rb5 36. Rc2 a5 37. Rxe4 Rb4 38. Re3 a4 39. Kf2 Rf8+ 40. Ke2
Rf4 41. Rf3 Rd4 42. Rfc3 Kf7 43. Ke3 Rh4 44. Kf2 h5 45. Rd2 g6 46. Rf3+ Kg7 47.
Re3 Rb3 48. Rc3 Kh6 49. Kf3 g5 50. Rxb3 cxb3 51. g3 Rc4 52. Ke3 Rc1 53. Rd6+
Kg7 54. Ra6 Rc2 55. Rxa4 Rxb2 56. Rb4 Rb1 57. Kd2 b2 58. Kc2 Rg1 59. Kxb2 Rxg3
60. h4 g4 61. Kc2 Rh3 62. Kd2 Rxh4 63. Ke2 Rh3 64. Kf2 Kg6 65. Rb5 Rf3+ 66. Kg2
Rf5 67. Rb8 Kg5 68. Rb1 Rf3 69. Rb5+ Kh4 70. Rb1 Rg3+ 71. Kf2 Rh3 72. Kg2 Rf3
73. Ra1 Kg5 74. Ra5+ Rf5 75. Ra8 h4 76. Rg8+ Kf4 77. Ra8 h3+ 78. Kh2 Kg5 79.
Rg8+ Kh4 80. Rh8+ Rh5 81. Rg8 Rh6 82. Rg7 Kh5 83. Kg3 Rg6 84. Rh7+ Kg5 85. Ra7
Rh6 86. Ra5+ Kg6 87. Ra6+ Kg7 88. Ra7+ Kf8 89. Ra8+ Ke7 90. Ra7+ Kd8 91. Ra8+
Kc7 92. Ra1 Rg6 93. Rb1 Rb6 94. Rh1 Rb4 95. Rd1 Kc6 96. Rd2 Kc5 97. Rd1 Rd4 98.
Re1 Kd5 99. Re8 Re4 100. Rd8+ Ke5 101. Re8+ Kd4 102. Rd8+ 1/2-1/2

[Event "4NCL Division 4 South"]
[Site "Reading, ENG"]
[Date "2016.11.27"]
[Round "2.51"]
[White "Peck, Silas"]
[Black "Purdon, Colin"]
[Result "1-0"]
[WhiteElo "2020"]
[BlackElo "2065"]
[PlyCount "91"]
[EventDate "2016.11.27"]
[WhiteTeam "Anglian Avengers 3"]
[BlackTeam "CSC Rhinos (2)"]

1. e4 e6 2. d4 d5 3. Nc3 Bb4 4. e5 c5 5. Bd2 Ne7 6. Nb5 Bxd2+ 7. Qxd2 O-O 8. c3
Nbc6 9. f4 f6 10. exf6 Rxf6 11. dxc5 b6 12. cxb6 Qxb6 13. Nf3 Rb8 14. b3 Ba6
15. Nbd4 Rbf8 16. Bxa6 Qxa6 17. Qe2 Qa5 18. O-O Qxc3 19. Nxe6 Re8 20. Rac1 Qa5
21. Nc5 Qc7 22. g3 h6 23. Rfe1 Qb6 24. Kh1 Rd8 25. Qd3 d4 26. Ne5 Nxe5 27. Rxe5
Ng6 28. Qc4+ Kh7 29. Re6 Rxe6 30. Nxe6 Rd6 31. f5 Qb7+ 32. Kg1 Ne7 33. Nf8+ Kh8
34. Qf7 Qe4 35. Rf1 Qe3+ 36. Kg2 Qe4+ 37. Kg1 Qe3+ 38. Rf2 Qe1+ 39. Kg2 Qe4+
40. Kh3 Nd5 41. Ne6 Rxe6 42. Qxe6 Qh1 43. Qe8+ Kh7 44. Qg6+ Kh8 45. f6 Nxf6 46.
Rxf6 1-0

[Event "4NCL Division 4 South"]
[Site "Reading, ENG"]
[Date "2016.11.27"]
[Round "2.52"]
[White "Vlcek, Marek"]
[Black "Cocks, Elliot"]
[Result "0-1"]
[WhiteElo "2043"]
[BlackElo "1915"]
[PlyCount "132"]
[EventDate "2016.11.27"]
[WhiteTeam "CSC Rhinos (2)"]
[BlackTeam "Anglian Avengers 3"]

1. Nf3 Nf6 2. c4 c5 3. Nc3 g6 4. g3 b6 5. Bg2 Bb7 6. O-O Bg7 7. d3 O-O 8. Bg5
d6 9. Qd2 Nbd7 10. Bh6 Qc8 11. a3 d5 12. cxd5 Nxd5 13. Bxg7 Kxg7 14. Nxd5 Bxd5
15. e4 Bc6 16. Qc3+ Kg8 17. Rac1 Qb7 18. h4 Rac8 19. h5 Nf6 20. h6 b5 21. b3
Rfd8 22. Ne5 b4 23. axb4 cxb4 24. Qb2 Bb5 25. g4 Qb6 26. g5 Ne8 27. Rfd1 Rxc1
28. Qxc1 Qd4 29. Qf4 Nd6 30. Bh3 Be8 31. Rc1 Nb5 32. Rc6 Nc3 33. Bf1 a5 34. Kh2
Nd5 35. Qg3 Nb6 36. Rc2 a4 37. bxa4 b3 38. Rc1 b2 39. Rb1 Nxa4 40. Nf3 Qd6 41.
Qxd6 Rxd6 42. Ne5 Bb5 43. f4 f6 44. gxf6 exf6 45. Ng4 Rc6 46. Bg2 Bxd3 47. Rxb2
Nxb2 48. e5 Rc2 49. Nxf6+ Kh8 50. Kg3 Bc4 51. Be4 Rc3+ 52. Kf2 Nd3+ 53. Ke3
Nc5+ 54. Kd4 Nxe4 55. Nxe4 Rc1 56. Ng5 Ba2 57. e6 Re1 58. Kd3 Rxe6 59. Nxe6
Bxe6 60. Kd4 Kg8 61. Ke4 Kf7 62. Ke5 Bf5 63. Kd6 Kf6 64. Kd5 Bc2 65. Kd4 Kf5
66. Ke3 Be4 0-1

[Event "4NCL Division 4 South"]
[Site "Reading, ENG"]
[Date "2016.11.27"]
[Round "2.53"]
[White "Sheerin, Alex"]
[Black "Amato, Giampiero"]
[Result "0-1"]
[WhiteElo "1825"]
[BlackElo "2003"]
[PlyCount "83"]
[EventDate "2016.11.27"]
[WhiteTeam "Anglian Avengers 3"]
[BlackTeam "CSC Rhinos (2)"]

1. e4 e5 2. Nf3 Nf6 3. Nc3 Nc6 4. Bb5 Nd4 5. O-O Nxb5 6. Nxb5 c6 7. Nc3 Qc7 8.
d4 d6 9. h3 Be7 10. a4 O-O 11. Bg5 a5 12. Re1 Re8 13. Qd3 Nh5 14. Be3 Bd7 15.
Rad1 Rad8 16. Qc4 Qb8 17. dxe5 dxe5 18. Ng5 Rf8 19. Qe2 Nf4 20. Bxf4 exf4 21.
Qh5 h6 22. Nf3 Bb4 23. Rd3 Be6 24. Red1 Bxc3 25. bxc3 Qc7 26. Qh4 Rxd3 27. Rxd3
b5 28. e5 bxa4 29. Qxf4 a3 30. Qa4 a2 31. c4 Bxc4 32. Rd1 Rb8 33. Nd2 Rb2 34.
Qa3 Be6 35. Nb3 Qxe5 36. Qxa2 a4 37. Qa3 Rxc2 38. Na1 Bd5 39. Rb1 Qe4 40. Qg3
Rc4 41. Rd1 Qe2 42. Rf1 0-1

[Event "4NCL Division 4 South"]
[Site "Reading, ENG"]
[Date "2016.11.27"]
[Round "2.54"]
[White "Richardson, Keith B"]
[Black "Woodcock, Keith D"]
[Result "1/2-1/2"]
[WhiteElo "1995"]
[BlackElo "1727"]
[PlyCount "64"]
[EventDate "2016.11.27"]
[WhiteTeam "CSC Rhinos (2)"]
[BlackTeam "Anglian Avengers 3"]

1. e4 c5 2. Nf3 g6 3. d4 cxd4 4. Nxd4 Bg7 5. Nc3 Nc6 6. Be3 d6 7. f3 Nf6 8. g4
a6 9. h4 Qa5 10. Qd2 Bd7 11. O-O-O b5 12. Nb3 Qc7 13. g5 Nh5 14. Nd5 Qb7 15.
Nb6 Rb8 16. Nxd7 Qxd7 17. Nc5 Qd8 18. Nxa6 Rb7 19. Qd5 Qc8 20. Bxb5 O-O 21.
Qxc6 Bxb2+ 22. Kd2 Qa8 23. c4 Rc8 24. Qd5 e6 25. Qd3 d5 26. Ke1 dxe4 27. fxe4
Be5 28. Kf2 Ra7 29. Kf3 Rxa6 30. Bxa6 Qxa6 31. Ke2 Qxc4 32. Qxc4 Rxc4 1/2-1/2

[Event "4NCL Division 4 South"]
[Site "Reading, ENG"]
[Date "2016.11.27"]
[Round "2.55"]
[White "John, Adam"]
[Black "Stayt, James N"]
[Result "0-1"]
[WhiteElo "1667"]
[BlackElo "1960"]
[PlyCount "110"]
[EventDate "2016.11.27"]
[WhiteTeam "Anglian Avengers 3"]
[BlackTeam "CSC Rhinos (2)"]

1. e4 e6 2. d3 d5 3. Nd2 b6 4. g3 Bb7 5. Bg2 Nf6 6. Ne2 c5 7. O-O Nc6 8. Re1
Be7 9. b3 O-O 10. Bb2 d4 11. Nf3 e5 12. h3 b5 13. a4 a6 14. Nd2 Qc7 15. axb5
axb5 16. Kh1 Rxa1 17. Qxa1 Ra8 18. Qb1 Qa5 19. Rd1 Qa2 20. Qa1 Qxa1 21. Rxa1
Rxa1+ 22. Bxa1 Nb4 23. f4 Nxc2 24. Bb2 Nd7 25. Nf3 f6 26. h4 exf4 27. Nxf4 Ne5
28. Nxe5 fxe5 29. Nd5 Bd6 30. Kg1 Kf7 31. Kf2 Bb8 32. Bf3 Bxd5 33. exd5 Ke7 34.
Be4 h6 35. h5 Kd6 36. Kf3 Bc7 37. Bc1 Na1 38. b4 cxb4 39. Ke2 Nb3 40. Bb2 Nc5
41. Kf3 Ke7 42. Ke2 Ba5 43. Kd1 b3 44. Kc1 Bc3 45. Ba3 b4 46. Bb2 Na4 47. Bxc3
bxc3 48. g4 Kd6 49. Bg6 Nb6 50. Bf7 Nxd5 51. Kb1 Kc5 52. Bg8 b2 53. Bxd5 Kxd5
54. Kc2 e4 55. dxe4+ Kxe4 0-1

[Event "4NCL Division 4 South"]
[Site "Reading, ENG"]
[Date "2016.11.27"]
[Round "2.56"]
[White "Vachtfeidl, Petr"]
[Black "John, Alan"]
[Result "1-0"]
[WhiteElo "1961"]
[BlackElo "1475"]
[PlyCount "97"]
[EventDate "2016.11.27"]
[WhiteTeam "CSC Rhinos (2)"]
[BlackTeam "Anglian Avengers 3"]

1. d4 d5 2. c4 dxc4 3. Nf3 c5 4. e3 Nc6 5. Bxc4 Bg4 6. Bxf7+ Kxf7 7. Ng5+ Ke8
8. Qxg4 Nf6 9. Qe6 Qd7 10. Qf7+ Kd8 11. Ne6+ Kc8 12. Nxf8 Nd8 13. Nxd7 Nxf7 14.
Nxc5 e5 15. dxe5 Nxe5 16. Nc3 b6 17. N5e4 Nd3+ 18. Ke2 Nxe4 19. Nxe4 Ne5 20.
Bd2 Nc4 21. Rac1 b5 22. Nd6+ Kd7 23. Nxc4 bxc4 24. Rxc4 Rab8 25. b3 Ke6 26.
Rhc1 Rhd8 27. Rc7 Rd7 28. Ba5 Rb7 29. Rxb7 Rxb7 30. Rc7 Rxc7 31. Bxc7 g6 32.
Kd3 Kd7 33. Bb8 a6 34. Kc4 h5 35. Kd5 Ke7 36. Be5 g5 37. b4 g4 38. a4 Kd7 39.
b5 axb5 40. axb5 Kc8 41. Kc6 Kd8 42. b6 Ke7 43. b7 Ke6 44. Bd6 Kf5 45. Kd5 Kf6
46. b8=Q Kf7 47. Qf8+ Kg6 48. Ke6 Kg5 49. Qf6# 1-0

[Event "4NCL Division 4 South"]
[Site "Reading, ENG"]
[Date "2016.11.27"]
[Round "2.61"]
[White "Ogunshola, Ben"]
[Black "Price, Andrew"]
[Result "1-0"]
[WhiteElo "2152"]
[BlackElo "1877"]
[PlyCount "47"]
[EventDate "2016.11.27"]
[WhiteTeam "The Pitstop"]
[BlackTeam "Throw in the Tal 2"]

1. Nf3 d5 2. g3 c5 3. Bg2 Nc6 4. O-O e5 5. d3 Nf6 6. Bg5 Be7 7. Nc3 h6 8. Bxf6
Bxf6 9. Nd2 Be6 10. e4 d4 11. Nd5 Rc8 12. c4 dxc3 13. bxc3 b6 14. Rb1 Qd7 15.
Nc4 O-O 16. Nce3 Be7 17. f4 f6 18. Rb2 c4 19. Nxc4 Bc5+ 20. Kh1 Bxd5 21. exd5
Ne7 22. fxe5 Nxd5 23. Qb3 Qf7 24. Nd6 1-0

[Event "4NCL Division 4 South"]
[Site "Reading, ENG"]
[Date "2016.11.27"]
[Round "2.62"]
[White "Woolgar, Steven G"]
[Black "Fernando, Manel"]
[Result "1-0"]
[WhiteElo "1757"]
[BlackElo "1617"]
[PlyCount "59"]
[EventDate "2016.11.27"]
[WhiteTeam "Throw in the Tal 2"]
[BlackTeam "The Pitstop"]

1. c4 e5 2. Nc3 Nf6 3. g3 Be7 4. Bg2 d6 5. d3 c6 6. Nf3 Be6 7. O-O O-O 8. Bd2
Nbd7 9. Rc1 Rc8 10. e4 d5 11. cxd5 cxd5 12. Ng5 Bg4 13. f3 Qb6+ 14. Kh1 Be6 15.
Nxe6 fxe6 16. b3 Nc5 17. Bg5 dxe4 18. fxe4 Rcd8 19. Be3 Qa6 20. Bxc5 Bxc5 21.
Rf3 Ng4 22. Rxf8+ Rxf8 23. Qxg4 Rf6 24. Ne2 b6 25. Rf1 Rxf1+ 26. Bxf1 Qxd3 27.
Qxe6+ Kf8 28. Qf5+ Kg8 29. Ng1 Qe3 30. Bc4+ 1-0

[Event "4NCL Division 4 South"]
[Site "Reading, ENG"]
[Date "2016.11.27"]
[Round "2.63"]
[White "Sloan, Hamish"]
[Black "Zarev, Dragomir"]
[Result "0-1"]
[WhiteElo "1534"]
[BlackElo "1720"]
[PlyCount "84"]
[EventDate "2016.11.27"]
[WhiteTeam "The Pitstop"]
[BlackTeam "Throw in the Tal 2"]

1. e4 e6 2. d4 d5 3. Nd2 Ne7 4. Ngf3 c5 5. c3 c4 6. exd5 exd5 7. b3 b5 8. a4
bxa4 9. bxc4 Bd7 10. c5 a6 11. c4 Bc6 12. Ne5 dxc4 13. Ndxc4 Nd5 14. Nxc6 Nxc6
15. Qxa4 Qd7 16. Bd2 Be7 17. Ne3 O-O 18. Nxd5 Qxd5 19. Be3 Bf6 20. Rd1 Rfe8 21.
Qc4 Qxc4 22. Bxc4 Nxd4 23. O-O Nc2 24. Bf4 Nd4 25. Rfe1 a5 26. Kf1 a4 27. Rxe8+
Rxe8 28. Be3 Nc2 29. c6 Nxe3+ 30. fxe3 Rc8 31. Bd5 a3 32. Rc1 Kf8 33. Ke2 Be5
34. g3 Ke7 35. Kd3 Kd6 36. e4 f6 37. Rc2 g5 38. g4 Kc7 39. h3 Rh8 40. Ra2 Bb2
41. e5 fxe5 42. Ke4 Rf8 0-1

[Event "4NCL Division 4 South"]
[Site "Reading, ENG"]
[Date "2016.11.27"]
[Round "2.71"]
[White "Goodger, Martyn"]
[Black "Davis, Lee"]
[Result "0-1"]
[WhiteElo "2022"]
[BlackElo "2030"]
[PlyCount "62"]
[EventDate "2016.11.27"]
[WhiteTeam "Poisoned Pawns 2"]
[BlackTeam "The Full Ponty"]

1. e4 g6 2. d4 d6 3. Nc3 Bg7 4. Be3 Nf6 5. Qd2 O-O 6. O-O-O c6 7. Kb1 b5 8. f3
b4 9. Nce2 a5 10. Bh6 Qb6 11. h4 a4 12. h5 e5 13. dxe5 dxe5 14. Bxg7 Kxg7 15.
hxg6 fxg6 16. Qh6+ Kf7 17. f4 Ke8 18. fxe5 Nxe4 19. Qxh7 Bf5 20. Rh3 b3 21. Nd4
bxc2+ 22. Nxc2 Ng5 23. Qh4 Nxh3 24. Nxh3 a3 25. b3 Na6 26. g4 Bxc2+ 27. Kxc2
Nb4+ 28. Kb1 Qe3 29. Qe1 Rxf1 30. Qxf1 Qe4+ 31. Ka1 Qxe5+ 0-1

[Event "4NCL Division 4 South"]
[Site "Reading, ENG"]
[Date "2016.11.27"]
[Round "2.72"]
[White "Davies, Peter"]
[Black "Redman, David J"]
[Result "0-1"]
[WhiteElo "2021"]
[BlackElo "1937"]
[PlyCount "82"]
[EventDate "2016.11.27"]
[WhiteTeam "The Full Ponty"]
[BlackTeam "Poisoned Pawns 2"]

1. e4 Nf6 2. e5 Nd5 3. d4 d6 4. c4 Nb6 5. exd6 exd6 6. Nf3 Bf5 7. Nc3 Be7 8.
Be3 O-O 9. b3 Bf6 10. Be2 Nc6 11. O-O d5 12. c5 Nc8 13. a3 N8e7 14. b4 a6 15.
Rc1 Re8 16. Qd2 h6 17. Qa2 Be4 18. Rfd1 Nf5 19. Nd2 Bxd4 20. Bxd4 Nfxd4 21.
Ndxe4 dxe4 22. Bc4 Ne5 23. Bd5 Ndf3+ 24. Kh1 Qh4 25. h3 Ng5 26. Kg1 c6 27. Bc4
Nxh3+ 28. gxh3 Qxh3 29. Bxf7+ Kf8 30. f4 Nf3+ 31. Kf2 e3+ 32. Ke2 Qg2+ 33. Kd3
Rad8+ 34. Kc4 Nd2+ 35. Rxd2 Rxd2 36. Qb1 Kxf7 37. Qf5+ Kg8 38. Re1 Rc2 39. Qd7
Qd5+ 40. Qxd5+ cxd5+ 41. Kd3 Rd2# 0-1

[Event "4NCL Division 4 South"]
[Site "Reading, ENG"]
[Date "2016.11.27"]
[Round "2.73"]
[White "McMahon, Paul"]
[Black "Fletcher, John"]
[Result "0-1"]
[WhiteElo "2000"]
[BlackElo "1995"]
[PlyCount "67"]
[EventDate "2016.11.27"]
[WhiteTeam "Poisoned Pawns 2"]
[BlackTeam "The Full Ponty"]

1. e4 c5 2. Nc3 Nc6 3. Nf3 g6 4. g3 Bg7 5. Bg2 Nf6 6. O-O d6 7. Re1 e5 8. d3
O-O 9. Be3 Rb8 10. a4 a6 11. Nd5 Nxd5 12. exd5 Ne7 13. c4 b5 14. axb5 axb5 15.
Ra2 Bb7 16. Qc2 b4 17. Rea1 Bxd5 18. Ra7 Bc6 19. Ng5 Bxg2 20. Kxg2 h6 21. Nf3
Nc6 22. R7a6 b3 23. Qd2 Nb4 24. Ra7 Nc2 25. R1a5 Kh7 26. Qd1 e4 27. Ne1 Nxe3+
28. fxe3 Bxb2 29. R7a6 Bc3 30. Rb5 Rxb5 31. cxb5 Qe8 32. dxe4 Qxe4+ 33. Kf2
Bxe1+ 34. Qxe1 0-1

[Event "4NCL Division 4 South"]
[Site "Reading, ENG"]
[Date "2016.11.27"]
[Round "2.74"]
[White "Adams, Mark"]
[Black "Ribbands, Patrick C"]
[Result "1/2-1/2"]
[WhiteElo "1965"]
[BlackElo "1757"]
[PlyCount "103"]
[EventDate "2016.11.27"]
[WhiteTeam "The Full Ponty"]
[BlackTeam "Poisoned Pawns 2"]

1. e4 c6 2. d4 d5 3. Nc3 dxe4 4. Nxe4 Bf5 5. Ng3 Bg6 6. Bc4 e6 7. N1e2 Ne7 8.
Nf4 Nd7 9. c3 Nb6 10. Nxg6 Nxg6 11. Bd3 Be7 12. O-O O-O 13. f4 c5 14. f5 exf5
15. Nxf5 cxd4 16. Nxd4 Bf6 17. Nf5 Qd7 18. Be4 Qc7 19. Qd6 Rac8 20. Qxc7 Rxc7
21. Nd6 Rd8 22. Nxb7 Rdd7 23. Na5 Rc5 24. Nb3 Re5 25. Bxg6 hxg6 26. Bf4 Re2 27.
Rf2 Rxf2 28. Kxf2 Nc4 29. Rb1 g5 30. Be3 Nxe3 31. Kxe3 Kf8 32. Re1 Be7 33. Re2
f5 34. g3 Kf7 35. Nd4 g6 36. Kf3 Bd6 37. Rd2 g4+ 38. Kg2 Be7 39. Nb3 Rc7 40.
Nd4 Bg5 41. Re2 Rb7 42. b3 Bf6 43. Ne6 Rb6 44. Nd4 Bxd4 45. cxd4 Rd6 46. Rd2
Rd5 47. Kf2 g5 48. Ke3 Ke6 49. Rf2 Rd7 50. Kd3 Rf7 51. Ke3 Kd5 52. Rf1 1/2-1/2

[Event "4NCL Division 4 South"]
[Site "Reading, ENG"]
[Date "2016.11.27"]
[Round "2.75"]
[White "Mountford, Corinne"]
[Black "Perrett, David C"]
[Result "0-1"]
[WhiteElo "1710"]
[BlackElo "1957"]
[PlyCount "68"]
[EventDate "2016.11.27"]
[WhiteTeam "Poisoned Pawns 2"]
[BlackTeam "The Full Ponty"]

1. d4 f5 2. Bf4 Nf6 3. e3 g6 4. h3 d6 5. Nf3 Bg7 6. c4 c6 7. Nc3 Na6 8. a3 Nc7
9. Rc1 O-O 10. Be2 Qe8 11. O-O h6 12. Bh2 Ne6 13. Re1 Qf7 14. b4 Ne4 15. Rf1
Bd7 16. Nd2 Nxc3 17. Rxc3 Ng5 18. Rc1 e5 19. Nb3 f4 20. exf4 exf4 21. Bg4 Bxg4
22. Qxg4 Rae8 23. Rfe1 Rxe1+ 24. Rxe1 Qxc4 25. h4 Qxb3 26. hxg5 Qc3 27. Qe6+
Kh7 28. gxh6 Bxh6 29. Kh1 Qxd4 30. f3 Rf5 31. Qe7+ Bg7 32. Bg1 Rh5+ 33. Bh2 Qf2
34. Qe2 Qg3 0-1

[Event "4NCL Division 4 South"]
[Site "Reading, ENG"]
[Date "2016.11.27"]
[Round "2.76"]
[White "Thomas, Gary"]
[Black "Sahinoz, Giulio O"]
[Result "1-0"]
[WhiteElo "1945"]
[BlackElo "1600"]
[PlyCount "45"]
[EventDate "2016.11.27"]
[WhiteTeam "The Full Ponty"]
[BlackTeam "Poisoned Pawns 2"]

1. e4 c6 2. d4 d5 3. Nc3 dxe4 4. Nxe4 Bf5 5. Ng3 Bg6 6. Nf3 Nd7 7. h4 h6 8. h5
Bh7 9. Bd3 Bxd3 10. Qxd3 e6 11. Be3 Be7 12. O-O-O Ngf6 13. Kb1 Qc7 14. Rhe1 O-O
15. Qf1 Rfd8 16. Bc1 Rac8 17. Qe2 b5 18. Ne5 a5 19. Nxf7 Bb4 20. Nxd8 Bxe1 21.
Qxe6+ Kh7 22. Qf5+ Kh8 23. Ne6 1-0

[Event "4NCL Division 4 South"]
[Site "Reading, ENG"]
[Date "2016.11.27"]
[Round "2.81"]
[White "Kamath, Vikram"]
[Black "Cole, Graham"]
[Result "1-0"]
[WhiteElo "1907"]
[BlackElo "1834"]
[PlyCount "95"]
[EventDate "2016.11.27"]
[WhiteTeam "D&D Utd"]
[BlackTeam "Oxford 3"]

1. e4 c5 2. b4 cxb4 3. a3 d5 4. exd5 Qxd5 5. Nf3 Nc6 6. Bb2 e5 7. axb4 Bxb4 8.
Na3 Bd6 9. Bc4 Qe4+ 10. Be2 Nge7 11. Nc4 Bc7 12. O-O O-O 13. Bd3 Qd5 14. Re1
Ng6 15. Ne3 Qd8 16. Be4 Be6 17. c4 f6 18. Bc3 Bb6 19. Qa4 Bxe3 20. dxe3 Qc7 21.
Bd5 Bf7 22. Reb1 Rfb8 23. Qb5 Nge7 24. e4 Qc8 25. Bb2 Qe8 26. Ba3 Nxd5 27. cxd5
Nd4 28. Nxd4 exd4 29. Qd3 Qd7 30. Qxd4 Rc8 31. Rb2 a6 32. Qb6 Qc7 33. Qe3 b5
34. Rd2 Qd7 35. Bb4 Rc4 36. Ba5 Bg6 37. f3 Be8 38. d6 Bf7 39. Bc7 Be6 40. Qb6
Qc8 41. Rad1 Bd7 42. Re1 a5 43. e5 f5 44. e6 Bxe6 45. Qxb5 Qd7 46. Qxd7 Bxd7
47. Re7 Bb5 48. Rd5 1-0

[Event "4NCL Division 4 South"]
[Site "Reading, ENG"]
[Date "2016.11.27"]
[Round "2.82"]
[White "Bush, Ian"]
[Black "Sheikh, Nasarullah"]
[Result "0-1"]
[WhiteElo "1810"]
[BlackElo "1608"]
[PlyCount "93"]
[EventDate "2016.11.27"]
[WhiteTeam "Oxford 3"]
[BlackTeam "D&D Utd"]

1. e4 c5 2. d4 cxd4 3. c3 d3 4. Bxd3 a6 5. c4 Nc6 6. Nf3 d6 7. h3 e6 8. O-O Be7
9. Nc3 Nf6 10. Be3 O-O 11. Rc1 b6 12. a3 Bb7 13. Qb3 Nd7 14. Rfd1 Rb8 15. Bb1
Ba8 16. Qc2 Nce5 17. Nxe5 dxe5 18. Qa4 Rb7 19. Qxa6 Qb8 20. Qb5 Qc7 21. b4 Ra7
22. Rxd7 Qxd7 23. Qxd7 Rxd7 24. Bxb6 Bb7 25. Bc2 Ra8 26. Ba5 Rd2 27. f3 Rxa5
28. Nb1 Rxc2 29. Rxc2 Ra8 30. Kf2 f5 31. c5 Bc6 32. Rc4 Kf7 33. Ke1 Bb5 34. Rc3
fxe4 35. fxe4 Bc6 36. Nd2 Rd8 37. Nc4 Bxe4 38. Nxe5+ Ke8 39. Nf3 Bf6 40. Re3
Bd5 41. a4 Kd7 42. Ne5+ Bxe5 43. Rxe5 Kc6 44. Re3 Rb8 45. b5+ Kxc5 46. Rc3+ Kb4
47. Rc7 0-1